Calciatori famosi per ruolo #2 - Statistics

Statistiche generali
  • Questo quiz è stato fatto 97 volte
    86 dall'ultimo reset
  • Il punteggio medio è 17 su 20
Statistiche sulle risposte
Hint Extra Hint Risposta % Corretto
Peter Schmeichel Danimarca 1) Portiere
93%
Andriy Shevchenko Ucraina 4) Attaccante
91%
Dino Zoff Italia 1) Portiere
89%
Javier Zanetti Argentina 2) Difensore
89%
Edwin van der Sar Paesi Bassi 1) Portiere
88%
Petr Čech Repubblica Ceca 1) Portiere
88%
Franco Baresi Italia 2) Difensore
88%
Frank Lampard Inghilterra 3) Centrocampista
88%
Clarence Seedorf Paesi Bassi 3) Centrocampista
88%
Robert Lewandowski Polonia 4) Attaccante
88%
Paolo Rossi Italia 4) Attaccante
87%
Toni Kroos Germania 3) Centrocampista
85%
Vincent Kompany Belgio 2) Difensore
84%
David Villa Spagna 4) Attaccante
84%
Oliver Kahn Germania 1) Portiere
83%
N'Golo Kante Francia 3) Centrocampista
83%
Sol Campbell Inghilterra 2) Difensore
79%
Romário Brasile 4) Attaccante
77%
Fernando Hierro Spagna 2) Difensore
73%
Sócrates Brasile 3) Centrocampista
64%
Nessun quiz corrispondente trovato
Distribuzione punteggi
Percentuale di utenti per punteggio
Percentile per numero di risposta
I tuoi punteggi nel tempo
Non hai fatto questo quiz dall'ultimo reset